Madrid / (Record no. 179596)
[ view plain ]
| 000 -LEADER | |
|---|---|
| campo de control de longitud fija | 01236nam a2200313 i 4500 |
| 001 - NÚMERO DE CONTROL | |
| campo de control | 179596 |
| 003 - IDENTIFICADOR DE NÚMERO DE CONTROL | |
| campo de control | ES-MaACL |
| 005 - FECHA Y HORA DE LA ÚLTIMA TRANSACCIÓN | |
| campo de control | 20240207192438.0 |
| 008 - DATOS DE LONGITUD FIJA--INFORMACIÓN GENERAL | |
| campo de control de longitud fija | 111223r20101938sp |||| |dspa d |
| 020 ## - NÚMERO INTERNACIONAL ESTÁNDAR DEL LIBRO | |
| Número Internacional Estándar del Libro | 978-84-96913-31-8 |
| 080 ## - NÚMERO DE LA CLASIFICACIÓN DECIMAL UNIVERSAL | |
| Número de la Clasificación Decimal Universal | 94(460.27 M.)"1936/39" |
| 100 1# - ENTRADA PRINCIPAL--NOMBRE DE PERSONA | |
| Nombre de persona | Falcón, César. |
| 9 (RLIN) | 148830 |
| 245 10 - MENCIÓN DEL TÍTULO | |
| Título | Madrid / |
| Mención de responsabilidad, etc. | César Falcón ; prólogos de Antonio Buero Vallejo, Lidia Falcón. |
| 250 ## - MENCION DE EDICION | |
| Mención de edición | 2ª ed. facs. |
| 260 ## - PUBLICACIÓN, DISTRIBUCIÓN, ETC. | |
| Lugar de publicación, distribución, etc. | Barcelona : |
| Nombre del editor, distribuidor, etc. | Hacer, |
| Fecha de publicación, distribución, etc. | 2010. |
| 300 ## - DESCRIPCIÓN FÍSICA | |
| Extensión | XLI, 301 p. ; |
| Dimensiones | 21 cm. |
| 500 ## - NOTA GENERAL | |
| Nota general | Índice. |
| 505 8# - NOTA DE CONTENIDO CON FORMATO | |
| Nota de contenido con formato | Contiene: ; |
| Título | Reconocerme en sus textos, 1989 / |
| Mención de responsabilidad | Lidia Falcón. -- |
| Título | Madrid en guerra, 1989 / |
| Mención de responsabilidad | Antonio Buero Vallejo |
| 534 ## - NOTA SOBRE LA VERSIÓN ORIGINAL | |
| Frase introductoria | Reprod. facsímile de la 1ª ed. de: |
| Publicación, distribución, etc. del original | Madrid ; Barcelona : Nuestro Pueblo, 1938. |
| 600 14 - PUNTO DE ACCESO ADICIONAL DE MATERIA--NOMBRE DE PERSONA | |
| Nombre de persona | Falcón, César. |
| 9 (RLIN) | 148830 |
| 651 #4 - PUNTO DE ACCESO ADICIONAL DE MATERIA--NOMBRE GEOGRÁFICO | |
| Nombre geográfico | Madrid- |
| Subdivisión general | Historia- |
| Subdivisión cronológica | 1936-1939. |
| 9 (RLIN) | 8964 |
| 651 #4 - PUNTO DE ACCESO ADICIONAL DE MATERIA--NOMBRE GEOGRÁFICO | |
| Nombre geográfico | España- |
| Subdivisión general | Historia- |
| Subdivisión cronológica | 1936-1939, Guerra civil- |
| Subdivisión de forma | Relatos personales. |
| 9 (RLIN) | 8326 |
| 655 #7 - TERMINO DE INDIZACIÓN--GENERO/FORMA | |
| Fuente del término | tgfbne |
| 9 (RLIN) | 226495 |
| Datos o término principal de género/forma | Facsímiles |
| 700 1# - ENTRADA AGREGADA--NOMBRE PERSONAL | |
| Nombre de persona | Buero Vallejo, Antonio, |
| Fechas asociadas al nombre | 1916-2000 |
| 9 (RLIN) | 32421 |
| 700 1# - ENTRADA AGREGADA--NOMBRE PERSONAL | |
| Nombre de persona | Falcón, Lidia, |
| Fechas asociadas al nombre | 1935- |
| 9 (RLIN) | 48707 |
| 852 ## - LOCALIZACIÓN | |
| Ubicación | ES-MaACL |
| Número de control de estantería | A-11758 |
| itemnumber | 186493 |
| Sublocalización o colección | R.146535 |
| Ubicación en estantería | Depósito 1 |
| Signatura antigua | Olim: N-4763 |
| 942 ## - ELEMENTOS DE ENTRADA SECUNDARIOS (KOHA) | |
| Fuente del sistema de clasificación o colocación | Clasificación decimal universal |
| Tipo de ítem Koha | Libro impreso |
| Estatus retirado | Estado de pérdida | Fuente del sistema de clasificación o colocación | Estado de daño | No para préstamo | Biblioteca de origen | Biblioteca actual | Ubicación en estantería | Fecha de adquisición | Fuente de adquisición | Total de préstamos | Signatura topográfica completa | Código de barras | Visto por última vez | Precio de reemplazo | Tipo de ítem Koha |
|---|---|---|---|---|---|---|---|---|---|---|---|---|---|---|---|
| Clasificación decimal universal | Biblioteca del Ateneo de Madrid | Biblioteca del Ateneo de Madrid | Depósito 1 | 23/12/2011 | Donación | A-11758 | 1188670 | 23/02/2023 | 23/02/2023 | Libro impreso |
